Natural magic ; studies in the presentation of nature in English poetry from Spenser to Marvell

Saved in:
Bibliographic Details
Main Author: SCOULAR, Kitty W.
Format: Book
Language:English
Published: Clarendon Press 1965
Tags: Add Tag
No Tags, Be the first to tag this record!

MARC

LEADER 00000nam a22000007a 4500
008 201221b ||||| |||| 00| 0 eng d
100 |a SCOULAR, Kitty W. 
245 |a Natural magic  |b ; studies in the presentation of nature in English poetry from Spenser to Marvell  |c Kitty W. Scoular 
260 |b Clarendon Press  |c 1965  |h Oxford  |i 71808  |l PR539 .N5Sc4   |m Nature in poetry 
942 |a lcc  |c BK  |e ADEYEYE Y.S  |f 21/12/2020 
952 |0 0  |1 0  |2 lcc  |4 0  |6 PR0539 N5 S C4  |7 0  |9 1095  |a HOL  |b HOL  |c LP  |d 2020-12-21  |l 0  |o PR539 .N5Sc4  |p 2020-230309  |r 2020-12-21 00:00:00  |w 2020-12-21  |y BK 
999 |c 569  |d 569